Library of the University of Algiers 3
Ibrahim Sultan Cheibout
شعار جامعة الجزائر 3
مكتبة جامعة الجزائر 3
إبراهيم سلطان شيبوط

اساسيات الكرة الطائرة : تطور التدريس و التدريب في الكرة الطائرة (رقم التسجيلة. 13380)

تفاصيل مارك
000 -LEADER
fixed length control field 00650nam a2200205Ia 4500
003 - CONTROL NUMBER IDENTIFIER
control field IEPS
005 - DATE AND TIME OF LATEST TRANSACTION
control field 20250703135319.0
008 - FIXED-LENGTH DATA ELEMENTS--GENERAL INFORMATION
fixed length control field 250223s9999||||xx |||||||||||||| ||und||
020 ## - INTERNATIONAL STANDARD BOOK NUMBER
International Standard Book Number 9789773503397
040 ## - CATALOGING SOURCE
-- IEPS
041 ## - LANGUAGE CODE
Language code of text/sound track or separate title ara
082 ## - DEWEY DECIMAL CLASSIFICATION NUMBER
Classification number 796.323
100 ## - MAIN ENTRY--PERSONAL NAME
Personal name زكي ، محمد محمد حسن
245 #0 - TITLE STATEMENT
Title اساسيات الكرة الطائرة : تطور التدريس و التدريب في الكرة الطائرة
260 ## - PUBLICATION, DISTRIBUTION, ETC.
Place of publication, distribution, etc. القاهرة
Name of publisher, distributor, etc. دار الكتاب الحديث
Date of publication, distribution, etc. 2012
300 ## - PHYSICAL DESCRIPTION
Extent 324 ص.
Other physical details رسوم
Dimensions 24 سم.
653 ## - INDEX TERM--UNCONTROLLED
Uncontrolled term كرة الطائرة
653 ## - INDEX TERM--UNCONTROLLED
Uncontrolled term كرة الطائرة
942 ## - ADDED ENTRY ELEMENTS (KOHA)
Koha item type كتب
المقتنيات
Withdrawn status Lost status Source of classification or shelving scheme Damaged status Not for loan Home library Current library Date acquired Inventory number Total checkouts Full call number Barcode Date last seen Copy number Price effective from Koha item type
    Dewey Decimal Classification   NOT LOAN / إعارة داخلية مكتبة معهد التربية البدنية و الرياضية مكتبة معهد التربية البدنية و الرياضية 23/02/2025 invar8807   796.323 ز ، ا / 1 invar8807 23/02/2025 ل ع 2771 / 1 23/02/2025 كتب
    Dewey Decimal Classification   Available مكتبة معهد التربية البدنية و الرياضية مكتبة معهد التربية البدنية و الرياضية 23/02/2025 invar8808   796.323 ز ، ا / 2 invar8808 23/02/2025 ل ع 2771 / 2 23/02/2025 كتب
    Dewey Decimal Classification   Available مكتبة معهد التربية البدنية و الرياضية مكتبة معهد التربية البدنية و الرياضية 23/02/2025 invar8809   796.323 ز ، ا / 3 invar8809 23/02/2025 ل ع 2771 / 3 23/02/2025 كتب

موارد الويب المفتوحة


© University of Algiers 3 All Rights Reserved
|
Implemented by LECHELAH Riad